000 00315 a2200145 4500
001 48070
020 _a8504008479
040 _cAnchieta - Aquarius
240 1 0 _aDos pés à cabeça
_lpor
245 1 0 _aDos pés à cabeça
300 _a43
362 0 _a2005
650 4 _aLiteratura infanto-juvenil
942 _cBK
999 _c48070
_d48070